El oro y la sangre / (Registro nro. 59523)

Detalles MARC
000 -CABECERA
Longitud fija campo de control 01969nam a2200349 c 4500
003 - • IDENTIFICADOR DELl NÚMERO DE CONTROL
Identificador del número de control CO-BoRNBP
005 - • FECHA Y HORA DE LA ÚLTIMA TRANSACCIÓN
Fecha y hora de la última transacción 20251022152657.0
007 - • CAMPO FIJO DE DESCRIPCIÓN FÍSICA
Campo fijo de descripción física ta
008 - • CÓDIGOS DE INFORMACIÓN DE LONGITUD FIJA
Códigos de información de longitud fija 250126s2024 ck ao gr 000 0 spa d
020 ## - • NÚMERO INTERNACIONAL NORMALIZADO PARA LIBROS
Número Internacional Normalizado para Libros (ISBN) 9786287729353
040 ## - FUENTE DE LA CATALOGACIÓN
Centro catalogador de origen CO-BoRNBP
Lengua de catalogación spa
Normas de descripción rda
Centro transcriptor CO-BoRNBP
041 0# - • CÓDIGO DE LENGUA
Código de lengua del texto/banda sonora o título independiente spa
043 ## - CÓDIGO DE ÁREA GEOGRÁFICA
Código de área geográfica s-ck---
082 04 - • NÚMERO DE LA CLASIFICACIÓN DECIMAL DEWEY
Número de clasificación (R) 305.898
Número del ítem H69o
100 ## - • PUNTO DE ACCESO PRINCIPAL-NOMBRE DE PERSONA
Nombre de persona Hoyos, Juan José
Fechas asociadas al nombre 1953-
Término indicativo de función aut
245 13 - • TITULO PROPIAMENTE DICHO
Título El oro y la sangre /
Mención de responsabilidad, etc. Juan José Hoyos.
250 ## - • MENCIÓN DE EDICIÓN
Mención de edición Edición especial
264 #1 - PRODUCCIÓN, PUBLICACIÓN , DISTRIBUCIÓN, FABRICACIÓN Y COPYRIGHT
Lugar de producción, publicación, distribución, fabricación Bogotá, Colombia :
Nombre del productor, editor, distribuidor, fabricante Sílaba Editores,
Fecha de de producción, publicación, distribución, fabricación o copyright 2024
300 ## - • DESCRIPCIÓN FÍSICA
Extensión 222 páginas :
Otras características físicas ilustraciones, fotografías en blanco y negro
336 ## - TIPO DE CONTENIDO
Término de tipo de contenido texto
Código de tipo de contenido txt
Fuente rdacontent
337 ## - TIPO DE MEDIO
Nombre del tipo de medio sin mediación
Código del tipo de medio n
Fuente rdamedia
338 ## - TIPO DE SOPORTE
Nombre del tipo de soporte volumen
Código del tipo de soporte nc
Fuente rdacarrier
490 0# - • MENCIÓN DE SERIE
Mención de serie Sílabas de Tinta
520 ## - • NOTA DE RESUMEN
Resumen, etc, El Oro y la Sangre es un microcosmos del país. Un indígena emberá halla una mina de oro y sobre su comunidad se precipita una legión de aventureros, comerciantes, estafadores y guerrilleros. Después de los primeros muertos la ambición por el oro desemboca en una guerra en la que los contendientes y las víctimas los ponen los indígenas. Entonces interviene todo el mundo: la Iglesia, el gobierno, la policía, el ejército, la comisión de paz, la de asuntos indígena, la de derechos humanos... Mientras tanto el rosario de muertes se sigue desgranando. Enloquecidos por la súbita bonanza, los indígenas descubren un día el avión y se dedican a volar días enteros, o a comprar prostitutas por docenas y a mandarse a teñir el pelo del color del oro. En el tránsito final, un comando guerrillero logra imponer un ilusorio período de calma
521 1# - • NOTA DE PÚBLICO DESTINATARIO
Nota público destinatario (R ) Recomendado para un público adulto
650 00 - • PUNTO DE ACCESO ADICIONAL DE MATERIA - TÉRMINO DE MATERIA
Término de materia o nombre geográfico como elemento inicial Cronicas
Fuente del encabezamiento o término LEMB
650 07 - • PUNTO DE ACCESO ADICIONAL DE MATERIA - TÉRMINO DE MATERIA
Término de materia o nombre geográfico como elemento inicial Emberas
Subdivisión de materia general Violencia contra
Fuente del encabezamiento o término lemb
650 07 - • PUNTO DE ACCESO ADICIONAL DE MATERIA - TÉRMINO DE MATERIA
Término de materia o nombre geográfico como elemento inicial Minas de oro
Subdivisión de materia general Aspectos económicos
Subdivisión geográfica Colombia
Fuente del encabezamiento o término lemb
650 07 - • PUNTO DE ACCESO ADICIONAL DE MATERIA - TÉRMINO DE MATERIA
Término de materia o nombre geográfico como elemento inicial Indigenas de Colombia
Subdivisión de materia general Usos y costumbres
Fuente del encabezamiento o término LEMB
942 ## - ENTRADA DE ELEMENTOS AGREGADOS (KOHA)
Fuente de clasificaión o esquema Dewey Decimal Classification
Koha [por defecto] tipo de item Libro Literatura
Existencias
Perdido Fuente de clasificación o esquema Estado Físico No para préstamo Forma de adquisición Localización permanente Localización actual Localización en estanterías Fecha adquisición Préstamos totales Signatura completa Código de barras Fecha última consulta Número de copia Fecha del precio de reemplazo Tipo de item de Koha Fuente de adquisición Calificador de ubicación codificada Número de registro
  Dewey Decimal Classification     Colección General Biblioteca Pública Dorado Biblioteca Pública Dorado General 02/20/2026   305.898 H69o DOR03401 02/20/2026 Ej.1 02/20/2026 Libro Literatura      
  Dewey Decimal Classification     Colección General Biblioteca Pública Fuentedeoro - Henry Llanos García Biblioteca Pública Fuentedeoro - Henry Llanos García General 10/22/2025   305.898 H69o Fo02882 10/22/2025 Ej.1 10/22/2025 LIbro      
  Dewey Decimal Classification       Biblioteca Pública Lejanias Biblioteca Pública Lejanias General 10/23/2025   305.898 H69o LEJ00971 10/23/2025 Ej.1 10/23/2025 Libro Literatura      
  Dewey Decimal Classification     Colección General Biblioteca Pública Puerto Lleras Biblioteca Pública Puerto Lleras General 11/11/2025   305.898 H69o PLL02559 11/11/2025 Ej.1 11/11/2025 LIbro      
  Dewey Decimal Classification     Colección General Biblioteca Pública Guamal Biblioteca Pública Guamal General 01/22/2026   305.898 H69o GUA004931 01/22/2026 Ej.1 01/22/2026 LIbro      
  Dewey Decimal Classification     Colección General Biblioteca Pública La Macarena Biblioteca Pública La Macarena General 11/04/2025   305.898 H69o LM03499 11/04/2025 Ej.1 11/04/2025 Libro Literatura      
  Dewey Decimal Classification     Colección General Biblioteca Pública Mapiripan Biblioteca Pública Mapiripan General 10/23/2025   305.898 H69o MAP00004560 10/23/2025 Ej.1 10/23/2025 Libro Literatura      
  Dewey Decimal Classification     Sala General Biblioteca Pública Mapiripan - Jorge Eliecer Gaitán Biblioteca Pública Mapiripan - Jorge Eliecer Gaitán General 05/06/2026   305.898 H69o MPJH01278 05/06/2026 Ej.1 05/06/2026 Libro Literatura      
  Clasificación Local Facetada     Colección General Biblioteca Pública Puerto Concordia Biblioteca Pública Puerto Concordia General 02/03/2026   305.898 H69o PCON00569 02/03/2026 Ej.1 02/03/2026 Libro Literatura      
  Dewey Decimal Classification     Colección General Biblioteca Pública Rural El Yarí- vereda Playa Rica La Macarena Biblioteca Pública Rural El Yarí- vereda Playa Rica La Macarena General 10/23/2025   305.898 H69o 9786287729353 11/10/2025 Ej.1 11/10/2025 Libro Literatura biblioteca nacional 9786287729353  
  Dewey Decimal Classification       Biblioteca Pública Vistahermosa Biblioteca Pública Vistahermosa   02/19/2026   305.898 H69o VIST 0002741 02/19/2026 Ej.1 02/19/2026 Libro Literatura     305.898 H69o









Instituto Departamental de Cultura del Meta - Red Departamental de Bibliotecas Públicas del Meta.